000 00760nmm a2200313 a 4500
003 AR-BaBNM
005 20251128202824.0
008 056019s1986 ||||||||||||||000 | spa||
020 _a950-19-0296-X
040 _cAR-BaBNM
100 1 _aJofre Barroso, Haydée M.
245 1 0 _aLas argentinas y el amor
250 _a1ª ed.
260 _aBuenos Aires
_bCírculo de lectores
_c1986
300 0 _a313 p.
650 4 _aMUJERES
650 4 _aANTROPOLOGIA CULTURAL Y SOCIAL
650 4 _aFEMINISMO
650 4 _aORGANIZACIONES FEMENINAS
650 4 _aSEXUALIDAD
650 4 _aMATRIMONIO
650 4 _aFAMILIA
650 4 _aSOCIOLOGIA CULTURAL
650 4 _aAMOR
651 4 _aArgentina
653 0 _aGENERO
942 _cBK
998 _cMARTIN
999 _c743
_d743